000 00583nam a2200181 i 4500
001 88546
003 ES-MaACL
005 20240522063038.0
007 t|
008 050104s1945 ag ||||1| spa d
100 1 _aLamartine, Alphonse de,
_d1790-1869
_969776
245 1 0 _aTorcuato Tasso /
_cAlfonso de Lamartine ; traducción de J. Carvajal Quesada.
260 _aBuenos Aires :
_bAnaquel,
_c[1945] (
_fUniverso)
300 _a186 p., 4 lám. ;
_c21 cm.
700 1 _aCarvajal Quesada, J.
_935942
852 _aES-MaACL
_jC-5603
_bR.25937
999 _c88546
_d88546